¿Seremos siempre un país pobre?
محفوظ في:
| مؤلف مشترك: | |
|---|---|
| التنسيق: | نص |
| منشور في: |
Guatemala:
El Instituto
|
| الوسوم: |
إضافة وسم
لا توجد وسوم, كن أول من يضع وسما على هذه التسجيلة!
|
MARC
| LEADER | 00000 a a2200000 04500 | ||
|---|---|---|---|
| 001 | 12474 | ||
| 003 | |||
| 040 | |a CRAI/IIS |c CRAI/IIS | ||
| 090 | |a 030200 | ||
| 110 | |a Instituto de Investigación y Autoformación Política | ||
| 245 | |a ¿Seremos siempre un país pobre? | ||
| 260 | |a Guatemala: |b El Instituto | ||
| 300 | |a 16 p. | ||
| 300 | |b il. | ||
| 999 | |c 4997 |d 4997 | ||
